Новые материалы; Инновационные технологии и экономика в машиностроении

Λεπτομέρειες βιβλιογραφικής εγγραφής
Parent link:Инновационные технологии и экономика в машиностроении.— 2013.— [С. 93-95]
Κύριος συγγραφέας: Чернова С. А. Светлана Андреевна
Συγγραφή απο Οργανισμό/Αρχή: Национальный исследовательский Томский политехнический университет (ТПУ) Юргинский технологический институт (филиал) (ЮТИ) Кафедра сварочного производства (КСП)
Περίληψη:Заглавие с титульного листа.
Γλώσσα:Ρωσικά
Έκδοση: 2013
Σειρά:Инновационные технологии получениянеразъемных соединений в машиностроении
Θέματα:
Διαθέσιμο Online:http://www.lib.tpu.ru/fulltext/c/2013/C30/025.pdf
Μορφή: MixedMaterials Ηλεκτρονική πηγή Κεφάλαιο βιβλίου
KOHA link:https://koha.lib.tpu.ru/cgi-bin/koha/opac-detail.pl?biblionumber=605891

MARC

LEADER 00000naa2a2200000 4500
001 605891
005 20231101132357.0
035 |a (RuTPU)RU\TPU\conf\3235 
035 |a RU\TPU\conf\3233 
090 |a 605891 
100 |a 20140506d2013 k y0rusy50 ca 
101 0 |a rus 
102 |a RU 
105 |a a z 100zy 
135 |a drcn ---uucaa 
181 0 |a i  
182 0 |a b 
200 1 |a Новые материалы  |f С. А. Чернова 
203 |a Текст  |c электронный 
215 |a 1 файл (384 Кб) 
225 1 |a Инновационные технологии получениянеразъемных соединений в машиностроении 
230 |a Электронные текстовые данные (1 файл : 384 Кб) 
300 |a Заглавие с титульного листа. 
320 |a [Библиогр.: с. 95 (1 назв.)] 
337 |a Adobe Reader 
463 1 |0 (RuTPU)RU\TPU\conf\2692  |t Инновационные технологии и экономика в машиностроении  |o сборник трудов IV Международной научно-практической конференции с элементами научной школы для молодых ученых, 23-25 мая 2013 г., Юрга  |f Национальный исследовательский Томский политехнический университет (ТПУ), Юргинский технологический институт (ЮТИ) ; под ред. Д. А. Чинахова  |v [С. 93-95]  |d 2013 
610 1 |a труды учёных ТПУ 
610 1 |a электронный ресурс 
610 1 |a новые материалы 
610 1 |a лопатки турбин 
610 1 |a газотурбинные двигатели 
610 1 |a сплавы 
610 1 |a керамические покрытия 
700 1 |a Чернова  |b С. А.  |c специалист в области сварки  |c старший преподаватель Юргинского технологического института (филиал) Томского политехнического университета  |g Светлана Андреевна  |2 stltpush  |3 (RuTPU)RU\TPU\pers\25506 
712 0 2 |a Национальный исследовательский Томский политехнический университет (ТПУ)  |b Юргинский технологический институт (филиал) (ЮТИ)  |b Кафедра сварочного производства (КСП)  |h 355  |2 stltpush  |3 (RuTPU)RU\TPU\col\18891 
801 2 |a RU  |b 63413507  |c 20140506  |g RCR 
856 4 |u http://www.lib.tpu.ru/fulltext/c/2013/C30/025.pdf 
942 |c BK